[Event "Glasgow op"]
[Site "Glasgow"]
[Date "2023.11.03"]
[Round "1"]
[White "Mittal, Advik"]
[Black "Munshi, Aryan"]
[Result "0-1"]
[WhiteElo "1315"]
[BlackElo "1850"]
[PlyCount "154"]
[EventDate "2023.11.03"]
[EventType "swiss"]
[EventRounds "5"]
[EventCountry "SCO"]
[SourceTitle "Mega2024 Update 01"]
[Source "Chessbase"]
[SourceDate "2023.11.12"]
[SourceVersion "1"]
[SourceVersionDate "2023.11.12"]
[SourceQuality "1"]

1. d4 e6 2. Bf4 c5 3. c3 Nc6 4. e3 Qb6 5. Qb3 Qxb3 6. axb3 Nf6 7. Nf3 d5 8. Bd3 Nh5 9. Bg3 Nxg3 10. hxg3 h6 11. Nbd2 Bd6 12. 0-0 0-0 13. Rfe1 cxd4 14. exd4 Be7 15. b4 Bf6 16. Ne5 Nxe5 17. dxe5 Be7 18. f4 h5 19. Nf3 Bd7 20. Kf2 Bd8 21. Rh1 Bb6+ 22. Nd4 g6 23. Rhe1 Kg7 24. Kf1 a6 25. Rac1 Rac8 26. Ra1 Rc7 27. Ke2 Rfc8 28. Kd2 Bxd4 29. cxd4 Bb5 30. Re2 Bxd3 31. Kxd3 Rc4 32. Ra4 b5 33. Rxa6 Rxb4 34. Rd2 Rb3+ 35. Ke2 Rxg3 36. Kf2 Rb3 37. Ra3 Rxa3 38. bxa3 Rc3 39. Rb2 Rxa3 40. Rxb5 Kh6 41. Rb7 Kg7 42. Ke2 Rc3 43. Ra7 Rc1 44. Rb7 Rg1 45. Kf2 Rd1 46. Ke3 Re1+ 47. Kf3 Re4 48. Rb4 g5 49. fxg5 Kg6 50. g3 Kxg5 51. Rb7 Rxd4 52. Rxf7 Re4 53. Rg7+ Kh6 54. Rg8 Rxe5 55. Kf4 Re4+ 56. Kf3 Re1 57. Rh8+ Kg6 58. Rg8+ Kf6 59. Rf8+ Ke7 60. Rh8 Re5 61. g4 hxg4+ 62. Kxg4 Rf5 63. Rh7+ Rf7 64. Rh8 d4 65. Ra8 e5 66. Ra7+ Ke6 67. Ra6+ Kd5 68. Ra5+ Ke4 69. Ra4 Rg7+ 70. Kh3 Ke3 71. Ra3+ d3 72. Rxd3+ Kxd3 73. Kh2 Ke3 74. Kh3 Kf4 75. Kh2 Kf3 76. Kh1 Kf2 77. Kh2 Rh7# 0-1

[Event "Glorney Cup"]
[Site "Stirling"]
[Date "2023.08.18"]
[Round "1"]
[White "Chung, Daniel"]
[Black "Munshi, Aryan"]
[Result "0-1"]
[WhiteElo "1625"]
[BlackElo "1682"]
[PlyCount "100"]
[EventDate "2023.08.18"]
[EventType "team-tourn"]
[EventRounds "6"]
[EventCountry "SCO"]
[SourceTitle "EXT 2024"]
[Source "ChessBase"]
[SourceDate "2023.10.10"]
[SourceVersion "1"]
[SourceVersionDate "2023.10.10"]
[SourceQuality "1"]
[WhiteTeam "Wales"]
[BlackTeam "Scotland"]
[WhiteTeamCountry "WLS"]
[BlackTeamCountry "SCO"]

1. d4 d5 2. c4 e6 3. g3 Bb4+ 4. Bd2 Bd6 5. Bg2 c6 6. Nf3 Nf6 7. Qc2 Ne4 8. 0-0 Nd7 9. Bc3 0-0 10. Nbd2 Nxc3 11. Qxc3 f5 12. Qe3 Nf6 13. c5 Bc7 14. Ne5 Bxe5 15. Qxe5 Ng4 16. Qf4 Qe7 17. Nf3 Re8 18. Ne5 Nxe5 19. Qxe5 Qf6 20. f4 Qxe5 21. fxe5 Re7 22. Rac1 Rc7 23. Rf3 Kf7 24. h3 Ke7 25. Rfc3 Kd7 26. Bf1 Rb8 27. e3 b6 28. cxb6 axb6 29. Bb5 Bb7 30. a3 Rbc8 31. Ba4 Ra8 32. Bb5 Rac8 33. Ba4 Ba6 34. Kf2 Bc4 35. Bb3 Bb5 36. Bd1 Ke7 37. Be2 Bxe2 38. Kxe2 c5 39. a4 Kd7 40. b3 cxd4 41. Rxc7+ Rxc7 42. Rxc7+ Kxc7 43. exd4 b5 44. Kf3 bxa4 45. bxa4 g5 46. Ke3 Kb6 47. Kd3 Ka5 48. h4 h6 49. h5 Kxa4 50. Kc3 Ka3 0-1

[Event "SCO-ch op 128th"]
[Site "Dunfermline"]
[Date "2023.07.09"]
[Round "5"]
[White "Munshi, Aryan"]
[Black "Madhavan, Sanjith1111"]
[Result "1/2-1/2"]
[WhiteElo "1454"]
[BlackElo "1987"]
[PlyCount "87"]
[EventDate "2023.07.07"]
[EventType "swiss"]
[EventRounds "5"]
[EventCountry "SCO"]
[SourceTitle "CBM 215 Extra"]
[Source "ChessBase"]
[SourceDate "2023.09.30"]
[SourceVersion "1"]
[SourceVersionDate "2023.09.30"]
[SourceQuality "1"]

1. d4 d5 2. c4 c6 3. cxd5 cxd5 4. Nc3 Nf6 5. Bf4 Nc6 6. e3 Bg4 7. f3 Bf5 8. Bd3 Bxd3 9. Qxd3 e6 10. Nge2 Nh5 11. Bg3 Nxg3 12. hxg3 h6 13. Rc1 Rc8 14. Kf2 Be7 15. Qb5 Qc7 16. Na4 0-0 17. Nc5 b6 18. Nd3 Qb7 19. Nc5 Bxc5 20. dxc5 Rc7 21. cxb6 axb6 22. Rc3 Rfc8 23. Rhc1 g6 24. a4 Na5 25. Qb4 Rc6 26. Nd4 Rxc3 27. Rxc3 Rc4 28. Rxc4 Nxc4 29. b3 Na5 30. Qc3 Qe7 31. b4 Nc4 32. Nb3 Qa7 33. a5 e5 34. Nd2 bxa5 35. Nxc4 axb4 36. Qxb4 dxc4 37. Qxc4 Qa1 38. Qc8+ Kg7 39. Qc2 h5 40. Qd2 Qb1 41. Qe2 e4 42. f4 h4 43. gxh4 Qh1 44. Qg4 1/2-1/2

[Event "SCO-ch op 128th"]
[Site "Dunfermline"]
[Date "2023.07.08"]
[Round "3"]
[White "Banerjee, Supratit"]
[Black "Munshi, Aryan"]
[Result "1/2-1/2"]
[WhiteElo "1895"]
[BlackElo "1454"]
[PlyCount "120"]
[EventDate "2023.07.07"]
[EventType "swiss"]
[EventRounds "5"]
[EventCountry "SCO"]
[SourceTitle "CBM 215 Extra"]
[Source "ChessBase"]
[SourceDate "2023.09.30"]
[SourceVersion "1"]
[SourceVersionDate "2023.09.30"]
[SourceQuality "1"]

1. e4 e5 2. Nf3 Nc6 3. d4 exd4 4. Nxd4 Nf6 5. Nc3 Bb4 6. Nxc6 bxc6 7. Bd3 0-0 8. 0-0 d5 9. exd5 cxd5 10. Bg5 c6 11. Qf3 Be7 12. h3 Be6 13. Rfe1 h6 14. Bh4 Nd7 15. Bxe7 Qxe7 16. Ne2 Ne5 17. Qg3 Nxd3 18. Qxd3 Qf6 19. c3 Rab8 20. Qd2 c5 21. Rad1 Rfd8 22. b3 Rd6 23. Ng3 Qg6 24. Qf4 Rbd8 25. Kh2 Qc2 26. Ne4 dxe4 27. Rxd6 Rxd6 28. Qxd6 Qxf2 29. Rxe4 Qxa2 30. Qxc5 Qxb3 31. Qe3 a5 32. Qd3 Qb8+ 33. Qg3 Qb3 34. Rd4 Qb6 35. Qd6 Qb5 36. Qf4 Qc5 37. Rd3 Qb5 38. Rd8+ Kh7 39. Qe4+ Bf5 40. Rd5 Bxe4 41. Rxb5 a4 42. Ra5 Bc6 43. g4 g6 44. h4 Kg7 45. Kg3 Kf8 46. Kf4 Ke7 47. Ke5 f6+ 48. Kd4 Bd7 49. g5 fxg5 50. hxg5 hxg5 51. Rxg5 Kf6 52. Ra5 g5 53. Ke4 g4 54. Kf4 Ke7 55. c4 Kd6 56. Kg3 Kc7 57. c5 Kc6 58. Kf4 Kd5 59. c6+ Kxc6 60. Rxa4 Kd6 1/2-1/2

[Event "Glorney Cup"]
[Site "Cardiff"]
[Date "2022.07.20"]
[Round "3.2"]
[White "Munshi, Aryan"]
[Black "Guha, Chirag"]
[Result "1-0"]
[WhiteElo "1227"]
[BlackElo "1807"]
[PlyCount "85"]
[EventDate "2022.07.19"]
[EventType "team-tourn"]
[EventRounds "6"]
[EventCountry "WLS"]
[SourceTitle "CBM 210 Extra"]
[Source "ChessBase"]
[SourceDate "2022.11.30"]
[SourceVersion "1"]
[SourceVersionDate "2022.11.30"]
[SourceQuality "1"]
[WhiteTeam "Scotland"]
[BlackTeam "Wales"]
[WhiteTeamCountry "SCO"]
[BlackTeamCountry "WLS"]

1. d4 d5 2. c4 e6 3. g3 Nf6 4. Nf3 dxc4 5. Qa4+ Nbd7 6. Nc3 a6 7. Qxc4 b5 8. Qd3 Bb7 9. a3 c5 10. dxc5 Bxc5 11. Bg2 0-0 12. 0-0 Qc7 13. Be3 Rfd8 14. Bxc5 Qxc5 15. Rfd1 Qb6 16. Qd6 Nd5 17. Qxb6 N7xb6 18. Nxd5 Bxd5 19. Ne5 Rac8 20. Bxd5 exd5 21. Rac1 Nc4 22. Nd3 Kf8 23. Kf1 h6 24. Ke1 g6 25. Rc2 Rc6 26. Rdc1 Rcd6 27. b3 Nxa3 28. Ra2 Nc4 29. bxc4 dxc4 30. Nb4 c3 31. f3 Rc8 32. Rxa6 Rxa6 33. Nxa6 Rc6 34. Nb4 Rc4 35. Nc2 b4 36. Rb1 Ke7 37. Rxb4 Rc7 38. e4 Kd6 39. Ke2 Kc5 40. Kd3 Rd7+ 41. Rd4 Ra7 42. Rd5+ Kc6 43. Kxc3 1-0

[Event "Wch FIDE Online U14 Europe qual"]
[Site "Tornelo INT"]
[Date "2020.12.09"]
[Round "6"]
[White "Munshi, Aryan"]
[Black "Springis, Jevgenijs"]
[Result "0-1"]
[WhiteElo "1135"]
[BlackElo "1952"]
[PlyCount "58"]
[EventDate "2020.12.07"]
[EventType "swiss (rapid)"]
[EventRounds "7"]
[EventCountry "ISS"]
[SourceTitle "EXT 2022"]
[Source "ChessBase"]
[SourceDate "2021.10.06"]
[SourceVersion "1"]
[SourceVersionDate "2021.10.06"]
[SourceQuality "1"]

1. d4 Nf6 2. c4 c5 3. d5 b5 4. e3 bxc4 5. Bxc4 g6 6. Nf3 Bg7 7. 0-0 0-0 8. Qc2 d6 9. Nc3 Ba6 10. Bxa6 Nxa6 11. a3 Rb8 12. Rb1 Qb6 13. Rd1 Qb3 14. Qxb3 Rxb3 15. Nd2 Rb7 16. Ne2 Rfb8 17. e4 Nd7 18. Nc4 Ne5 19. Ne3 Nc7 20. f4 Nd7 21. Nc4 Nb5 22. Na5 Nd4 23. Nc3 Rb6 24. Nc4 Rb3 25. Ra1 Nc2 26. Ra2 Bxc3 27. bxc3 Rxc3 28. Na5 Nd4 29. Kh1 Rb1 0-1

[Event "EU-ch Online U14"]
[Site "Tornelo INT"]
[Date "2020.09.20"]
[Round "7"]
[White "Vastik, Lukas"]
[Black "Munshi, Aryan"]
[Result "1/2-1/2"]
[WhiteElo "1314"]
[BlackElo "1135"]
[PlyCount "56"]
[EventDate "2020.09.18"]
[EventType "swiss (rapid)"]
[EventRounds "9"]
[EventCountry "NET"]
[SourceTitle "EXT 2023"]
[Source "ChessBase"]
[SourceDate "2022.10.05"]
[SourceVersion "1"]
[SourceVersionDate "2022.10.05"]
[SourceQuality "1"]
[WhiteTeam "Slovakia"]
[BlackTeam "Schottland"]
[WhiteTeamCountry "SVK"]
[BlackTeamCountry "SCO"]

1. e4 e5 2. Nf3 Nc6 3. Bc4 Bc5 4. Nc3 Nf6 5. d3 d6 6. h3 Be6 7. Bb3 h6 8. Be3 Bb6 9. Qc1 Qd7 10. Ba4 0-0 11. d4 exd4 12. Nxd4 Ba5 13. f3 Bxc3+ 14. bxc3 a6 15. Bb3 Nxd4 16. cxd4 Bxb3 17. cxb3 d5 18. e5 Nh7 19. 0-0 c6 20. f4 f6 21. Qc2 fxe5 22. fxe5 Qe6 23. Rae1 Rxf1+ 24. Rxf1 Rf8 25. Rxf8+ Nxf8 26. Qf2 Nd7 27. g4 Nf8 28. Qf5 g6 1/2-1/2

[Event "EU-ch Online U14"]
[Site "Tornelo INT"]
[Date "2020.09.19"]
[Round "4"]
[White "Munshi, Aryan"]
[Black "Saidmurodov, Shahjahon"]
[Result "1/2-1/2"]
[WhiteElo "1135"]
[BlackElo "1680"]
[PlyCount "115"]
[EventDate "2020.09.18"]
[EventType "swiss (rapid)"]
[EventRounds "9"]
[EventCountry "NET"]
[SourceTitle "EXT 2023"]
[Source "ChessBase"]
[SourceDate "2022.10.05"]
[SourceVersion "1"]
[SourceVersionDate "2022.10.05"]
[SourceQuality "1"]
[WhiteTeam "Schottland"]
[BlackTeam "England"]
[WhiteTeamCountry "SCO"]
[BlackTeamCountry "ENG"]

1. d4 Nf6 2. c4 e5 3. dxe5 Ng4 4. Nf3 Bc5 5. e3 Nc6 6. Nc3 Ngxe5 7. Be2 Nxf3+ 8. Bxf3 Ne5 9. Qd5 Qe7 10. 0-0 d6 11. b3 0-0 12. Bb2 Qf6 13. Na4 Nxf3+ 14. Qxf3 Qxf3 15. gxf3 a5 16. Nxc5 dxc5 17. Kh1 Bf5 18. Rg1 f6 19. Rgd1 Be6 20. Kg2 Kf7 21. Kf1 a4 22. Ke2 b5 23. cxb5 axb3 24. axb3 Rab8 25. Ra7 Rxb5 26. Rxc7+ Kg8 27. Ba3 Rxb3 28. Bxc5 Ra8 29. Ke1 Rb2 30. Bd4 Rba2 31. Rd2 Rxd2 32. Kxd2 Ra2+ 33. Ke1 h5 34. Rc1 Bd5 35. e4 Be6 36. Be3 Kh7 37. Rd1 Bc4 38. Bd2 h4 39. Rc1 Bf7 40. Ke2 Bh5 41. Rc3 Kg6 42. Rd3 Kh7 43. Rc3 Ra1 44. Rc1 Ra3 45. Rc3 Ra1 46. Rc1 Rxc1 47. Bxc1 Kg6 48. Bf4 Kf7 49. Ke3 Ke6 50. Bb8 g6 51. f4 Bg4 52. e5 f5 53. Kd4 Bf3 54. Bc7 Be4 55. h3 Bg2 56. Bd8 Bxh3 57. Bxh4 Bg2 58. Bg5 1/2-1/2

[Event "EU-ch Online U14"]
[Site "Tornelo INT"]
[Date "2020.09.18"]
[Round "2"]
[White "Munshi, Aryan"]
[Black "Wernberg, Hugo"]
[Result "0-1"]
[WhiteElo "1135"]
[BlackElo "1866"]
[PlyCount "86"]
[EventDate "2020.09.18"]
[EventType "swiss (rapid)"]
[EventRounds "9"]
[EventCountry "NET"]
[SourceTitle "EXT 2023"]
[Source "ChessBase"]
[SourceDate "2022.10.05"]
[SourceVersion "1"]
[SourceVersionDate "2022.10.05"]
[SourceQuality "1"]
[WhiteTeam "Schottland"]
[BlackTeam "Sweden"]
[WhiteTeamCountry "SCO"]
[BlackTeamCountry "SWE"]

1. d4 d5 2. c4 c6 3. cxd5 cxd5 4. Nc3 Nf6 5. Bf4 Nc6 6. Nf3 Ne4 7. e3 Nxc3 8. bxc3 e6 9. Bd3 Bd6 10. Bxd6 Qxd6 11. 0-0 h6 12. c4 dxc4 13. Bxc4 0-0 14. Bb5 Bd7 15. Bxc6 Bxc6 16. Ne5 Rac8 17. Nxc6 Rxc6 18. Qb3 Qc7 19. Rab1 b6 20. g3 Rc8 21. Rb2 h5 22. h4 e5 23. dxe5 Qxe5 24. Rd2 Qf6 25. Qd5 Rc5 26. Qb7 g5 27. hxg5 Qxg5 28. Rd4 R8c7 29. Qb8+ Kh7 30. Rd8 Qg7 31. Qa8 R7c6 32. Rd4 Rg6 33. Qf3 Rcg5 34. Kg2 Rf6 35. Rf4 Rxf4 36. Qxf4 Rg4 37. Qf5+ Qg6 38. Qd7 h4 39. Rh1 Kg7 40. Qc7 Qe4+ 41. Kh2 hxg3+ 42. fxg3 Qxe3 43. Qc2 Qxg3# 0-1